000
00305nam a22001337a 4500
008
180903b xxu||||| |||| 00| 0 eng d
020
_a
9780805373738
041
_a
eng
080
_a
611
100
_a
7
101
_a
ANA
245
_a
A brief Atlas Of The Human Body
_c
Mallatt.j
942
_2
udc
_c
BK
999
_c
47465
_d
47465